000 00675nam a2200193 a 4500
001 000046225
005 20240305125740.0
008 150708s1987 dr 000 j spa d
040 _aDO-SdBNP
_bspa
_cBNPHU
082 _axxxx
_bxxxx
100 1 _aGarcía Romero, Rafael,
_d1957-
_91671
245 1 0 _aBajo el acoso /
_cRafael García Romero ; prólogo Hamlet Hermann.
250 _a2ª ed.
260 _aSanto Domingo :
_bMambrú,
_c1987.
300 _a93 p. ;
_c21 cm.
500 _aIncluye datos biográficos del autor en la solapa de la contracubierta.
586 _aPremio nacional de cuentos casa de teatro, 1986.
700 1 2 _aHamlet, Hermann,
_d1934-2016
_epról.
_936649
999 _c45714
_d45714